000 00380cam a22001097a 4500
008 180718b1980 xxu||||| |||| 00| 0 eng d
082 _aT2x54 In2in
245 _aReport on incentives schemes in Indian industries
_cby Labour Bureau, Ministry of Labour
260 _aSimla
_bGovernment of India
_c1980
300 _a127+p
700 _aHimachal Pradesh. Ministry of Labour. Labour Bureau
999 _c497527
_d497527